| 000 | 00814nam a22002417a 4500 | ||
|---|---|---|---|
| 001 | 200460202 | ||
| 003 | TR-AnTOB | ||
| 005 | 20241121162732.0 | ||
| 007 | ta | ||
| 008 | 240520b1996 tu a r 000 0 tur d | ||
| 040 |
_aTR-AnTOB _beng _erda _cTR-AnTOB |
||
| 041 |
_atur _aeng |
||
| 050 |
_aHD9866.T92 _bT45 1996 |
||
| 090 |
_aTOBBK HD9866.T92 _bT45 1996 |
||
| 245 | 0 | 0 | _aTekstil ve konfesiyon sektörlerinde bölge kapasiteleri = Regional capacities in textile & garment sectors. |
| 264 | 1 |
_aMersin : _bT.C. Başbakanlık Dış Ticaret Müsteşarlığı Akdeniz İhracatçı Birlikleri, _c1996. |
|
| 300 |
_a181 pages : _billustrations ; _c21 cm |
||
| 336 |
_atext _btxt _2rdacontent |
||
| 337 |
_aunmediated _bn _2rdamedia |
||
| 338 |
_avolume _bnc _2rdacarrier |
||
| 942 |
_2lcc _cBK |
||
| 999 |
_c200460202 _d78414 |
||